00653nam a2200169 i 4500001000700000003000900007005001700016007000300033008004100036100004500077245014500122260007200267300003000339650004000369650001900409852005500428109480ES-MaACL20250811063142.0t|061121s1909 sp r ||||1| spa d1 aOlóriz Aguilera, Federico, d1855-191210aGuía para extender la tarjeta de identidad, según las lecciones dadas en la Escuela de Policía de Madrid / cpor F. Olóriz Aguilera. aMadrid : b[s.n.], c1909 (fImp. de los Hijos de M.G. Hernández) a138 p. : bil. ; c16 cm. 4aDocumentos de identidad-zEspaña. 4aDactiloscopia. aES-MaACLjT-285-F-1 z.- Ded. manuscrita del autor